Capoluoghi di Provincia contenenti la lettera N - Statistics

Statistiche generali
  • Questo quiz è stato fatto 115 volte
  • Il punteggio medio è 48 su 58
Statistiche sulle risposte
Lunghezza in lettere Capoluogo % Corretto
6 Novara
95%
6 Napoli
93%
6 Verona
93%
6 Genova
92%
6 Savona
92%
5 Terni
92%
7 Venezia
92%
7 Bologna
90%
7 Catania
90%
7 Mantova
90%
6 Torino
90%
7 Bolzano
89%
5 Cuneo
89%
4 Enna
89%
5 Nuoro
89%
6 Ancona
87%
9 Benevento
87%
7 Messina
87%
6 Modena
87%
9 Pordenone
87%
7 Livorno
85%
6 Milano
85%
7 Salerno
85%
9 Frosinone
84%
7 Ravenna
84%
6 Rimini
84%
6 Trento
84%
5 Udine
84%
9 Agrigento
82%
8 Avellino
82%
13 Caltanissetta
82%
7 Cremona
82%
7 Firenze
82%
7 Isernia
82%
6 Latina
82%
7 Trapani
82%
7 Vicenza
82%
11 Alessandria
80%
6 Andria
80%
12 Ascoli Piceno
80%
5 Siena
80%
8 Brindisi
79%
9 Catanzaro
79%
7 Cosenza
79%
7 Sondrio
79%
7 Belluno
77%
7 Crotone
77%
8 Piacenza
77%
7 Potenza
77%
7 Taranto
77%
5 Trani
75%
12 Vibo Valentia
75%
6 Cesena
74%
8 Oristano
72%
5 Monza
70%
6 Urbino
70%
8 Verbania
67%
8 Carbonia
57%
Nessun quiz corrispondente trovato
Distribuzione punteggi
Percentuale di utenti per punteggio
Percentile per numero di risposta
I tuoi punteggi nel tempo
Non hai fatto questo quiz